Vista normal Vista MARC

Entrada Topical Term

Número de registros utilizados en: 1

001 - CONTROL NUMBER

  • control field: 9509

003 - CONTROL NUMBER IDENTIFIER

  • control field: OSt

005 - DATE AND TIME OF LATEST TRANSACTION

  • control field: 20200831205952.0

008 - FIXED-LENGTH DATA ELEMENTS

  • fixed length control field: 200831|| aca||aabn | a|a d

040 ## - CATALOGING SOURCE

  • Original cataloging agency: OSt
  • Transcribing agency: OSt

150 ## - HEADING--TOPICAL TERM

  • Topical term or geographic name entry element: Economía
  • Form subdivision: informes
  • Chronological subdivision: Siglo XXI
  • Geographic subdivision: Colombia

670 ## - SOURCE DATA FOUND

  • Source citation: Work cat.: (OSt)3935: Colombia. Presidente (2010-2018 : Santos) 9507, Economía colombiana 2010-2018 grandes retos, grandes resultados / , 2018